Estudio de auditoria eléctrica para determinar la afectaciones en el sistema eléctrico de almacenes EZA
Presenta una evaluación de los problemas de calidad eléctrica a través de una auditoría eléctrica, al mismo tiempo poder determinar la afectación que tiene sobre el sistema y equipos finales y verificar que cumplan con la norma provisional y corriente del suministro de energía eléctrica....
| Main Authors: | , |
|---|---|
| Other Authors: | |
| Format: | Tesis Section = Libro |
| Language: | Undetermined Spanish |
| Published: |
Maagua
UNI
2019
|
| Subjects: |
| LEADER | 01149nam a2200265Ia 4500 | ||
|---|---|---|---|
| 008 | 240830s9999 xx 000 0 und d | ||
| 040 | |a BIBLIOTECA-RUSB/ Mon 621.31 R288 | ||
| 041 | |a spa | ||
| 082 | |a Mon 621.31 R288 | ||
| 100 | 1 | |a Real Reyes, Néstor Aníbal | |
| 100 | 1 | |b Pérez Alaniz, Franklin Antonio | |
| 245 | 1 | 0 | |a Estudio de auditoria eléctrica para determinar la afectaciones en el sistema eléctrico de almacenes EZA |
| 260 | |a Maagua |b UNI |c 2019 | ||
| 300 | |a 35 p. :il. | ||
| 500 | |a Contiene: anexos y CD. | ||
| 502 | |a Tesis (Ingeniero Electrónico) - UNI, 2019. | ||
| 520 | 3 | |a Presenta una evaluación de los problemas de calidad eléctrica a través de una auditoría eléctrica, al mismo tiempo poder determinar la afectación que tiene sobre el sistema y equipos finales y verificar que cumplan con la norma provisional y corriente del suministro de energía eléctrica. | |
| 650 | 7 | |a AUDITORIA ELECTRICA | |
| 650 | 7 | |b SISTEMA ELECTRICO | |
| 650 | 7 | |c FENOMENOS ELECTROMAGNETICOS | |
| 650 | 7 | |d MONITOREO ENERGETICO | |
| 700 | 1 | |a Tutor: |b Gónzalez Mena, Juan | |
| 942 | |c BK |2 ddc | ||
| 991 | |a TESIS | ||
| 999 | |c 20104 | ||